MARC

LEADER 00000nam0a2200000 4500
001 169487
005 20231031163434.0
035 |a (RuTPU)RU\TPU\book\183845 
090 |a 169487 
100 |a 20091113d1957 km y0rusy50 ca 
101 0 |a rus 
102 |a RU 
105 |a a z 001zy 
200 1 |a Колонковое бурение  |f  К. Г. Володченко 
205 |a 3-е испр., и доп. 
210 |a Москва  |c Госгеолтехиздат  |d 1957 
215 |a 557 с.  |c ил. 
320 |a Библиогр.: с. 553. 
610 1 |a бурение 
610 1 |a колонковое бурение 
610 1 |a оборудование 
610 1 |a инструменты 
610 1 |a трубы 
610 1 |a станки 
610 1 |a двигатели 
610 1 |a насосы 
610 1 |a технология 
610 1 |a крепление 
610 1 |a искривление скважин 
610 1 |a аварии 
610 1 |a организация 
675 |a 550.82  |v 3 
700 1 |a Володченко  |b К. Г.  |g Константин Гаврилович 
801 1 |a RU  |b 63413507  |c 20091113 
801 2 |a RU  |b 63413507  |c 20170307  |g RCR 
942 |c BK